000 00319nam a22001457a 4500
008 210308b ||||| |||| 00| 0 eng d
020 _a9780801634895
041 _aeng
080 _23rd
_a61
082 _a61
100 _a3
101 _aSHM
245 _aMosby's Medical Dictionary
_cGlanze, W.D
942 _2udc
_cBK
999 _c55974
_d55974